[Event "TCh-POL Ekstraliga 2013"]
[Site "Gorzow Wielkopolski POL"]
[Date "2013.08.31"]
[Round "5.2"]
[White "Dabrowski,G"]
[Black "Wieczorek,O"]
[Result "0-1"]
[WhiteElo "2112"]
[BlackElo "2353"]

1.e4 c5 2.Nf3 Nc6 3.d4 cxd4 4.Nxd4 Nf6 5.Nc3 d6 6.Bg5 e6 7.Qd2 a6 8.O-O-O h6
9.Bh4 Nxe4 10.Nxc6 Qxh4 11.Nxe4 Qxe4 12.Nd4 Be7 13.Kb1 O-O 14.h4 Bf6 15.Nb3 Rd8
16.Bd3 Qe5 17.c3 Bd7 18.g4 g5 19.Bc2 Bc6 20.Rhe1 Qf4 21.Qd3 gxh4 22.Nd4 Bxd4
23.Qh7+ Kf8 24.Rxd4 Qxf2 25.Qxh6+ Ke7 26.Qg5+ Qf6 27.Qe3 Rg8 28.Rf4 Qg5 29.Ref1 Raf8
30.Qb6 Qc5 31.Qc7+ Bd7 32.Qxb7 Rg7 33.Qh1 Qg5 34.Qb7 a5 35.Ba4 Rd8 36.Qf3 Be8
37.Ka1 e5 38.Rf5 Qxg4 39.Qb7+ Bd7 40.Bd1 Qg6 41.a3 f6 42.Qc7 Rc8 43.Qb7 Qg2
44.Qa7 Qa8 45.Qf2 Bxf5 46.Qxf5 Rf8 47.Bg4 Kd8 48.Qe6 Kc7 49.Bf3 Qa6 50.Rd1 f5
51.Bd5 Qb6 52.Qh6 Rg1 53.Rxg1 Qxg1+ 54.Ka2 Rd8 55.Qxh4 f4 56.Qh7+ Rd7 57.Qd3 Qc5
58.b4 axb4 59.axb4 Qa7+ 60.Kb3 Qb6 61.Qc4+ Kb8 62.Be4 Rc7 63.Qd5 Rc8 64.Bf3 Ka7
65.Be4 Qc7 66.Qd3 Qb6 67.Qd5 Qc7 68.Qd3 Rh8 69.Qd2 Qb6 70.Qd5 Rd8 71.Bf3 Kb8
72.Be4 Qa6 73.Bf3 Kc7 74.Be4 Rf8 75.Qe6 Kd8 76.Qh6 Rf7 77.Qg5+ Kc7 78.Qg8 Rd7
79.Qd5 Rg7 80.Qe6 Qc8 81.Qd5 Qg8 82.Kc4 Qxd5+ 83.Kxd5 Rg3 84.c4 f3  0-1

[Event "20th Graz Open 2013"]
[Site "Graz AUT"]
[Date "2013.08.31"]
[Round "8.4"]
[White "Goessler,Markus"]
[Black "Wertjanz,Dav"]
[Result "0-1"]
[WhiteElo "2124"]
[BlackElo "2268"]

1.e4 c5 2.Nf3 d6 3.d4 cxd4 4.Nxd4 Nf6 5.Nc3 Nc6 6.Bg5 e6 7.Qd2 a6 8.O-O-O Nxd4
9.Qxd4 Be7 10.f4 b5 11.Bxf6 gxf6 12.Bd3 Qc7 13.Kb1 Qc5 14.Ne2 Bb7 15.Rhf1 Rc8
16.c3 h5 17.Rd2 h4 18.Bc2 Rg8 19.g3 a5 20.a3 d5 21.exd5 Bxd5 22.f5 Qxd4 23.cxd4 b4
24.a4 b3 25.Bd3 Bb4 26.Rdd1 Ke7 27.gxh4 Rg2 28.Nf4 Rxh2 29.h5 Rcc2 30.Ne2 Rcxe2
31.Bxe2 Rxe2 32.Rc1 Be4+ 33.Ka1 Ba3 34.Rb1 Bxb1 35.Rxb1 Bb4 36.h6 Rh2  0-1

[Event "TCh-ROU 2013"]
[Site "Mamaia ROU"]
[Date "2013.08.31"]
[Round "1.4"]
[White "Grozav,V"]
[Black "Tomescu,V"]
[Result "0-1"]
[WhiteElo "2165"]
[BlackElo "2389"]

1.e4 c5 2.Nf3 Nc6 3.d4 cxd4 4.Nxd4 Nf6 5.Nc3 d6 6.Bg5 e6 7.Qd2 a6 8.O-O-O h6
9.Bxf6 Qxf6 10.Nxc6 bxc6 11.f4 Qd8 12.Be2 Be7 13.Bf3 Qa5 14.Rhe1 Rb8 15.a3 d5
16.Nb1 Qb5 17.c3 Bb7 18.exd5 cxd5 19.Qd3 Qxd3 20.Rxd3 g6 21.Nd2 O-O 22.Nb3 Rfc8
23.Nd4 Rc7 24.g3 Bc8 25.Bd1 Bd7 26.Re2 Kf8 27.Rf2 h5 28.h4 Rcb7 29.Re2 a5
30.a4 Rb6 31.Rf2 Bc5 32.Re2 Kg7 33.Rf2 Kf6 34.Re2 Bc8 35.Rg2 Ba6 36.Rdd2 Bf1
37.Rgf2 Bc4 38.Rg2 Ke7 39.Kb1 f6 40.Nb5 Be3 41.Rde2 Bxe2 42.Rxe2 Bc5 43.Kc2 Kf7
44.Kd3 Rd8 45.Bb3 Rb7 46.Ba2 Re7 47.Nd4 Bxd4 48.Kxd4 Rb7 49.b3 Ke7 50.Rb2 Kd6
51.b4 axb4 52.cxb4 Ra8 53.Bb1 Rxa4 54.Bxg6 Ra3  0-1

[Event "TCh-ROU 2013"]
[Site "Mamaia ROU"]
[Date "2013.08.31"]
[Round "1.2"]
[White "Dicu,R"]
[Black "Baklan,V"]
[Result "0-1"]
[WhiteElo "2228"]
[BlackElo "2621"]

1.e4 c5 2.Nf3 Nc6 3.d4 cxd4 4.Nxd4 Nf6 5.Nc3 d6 6.Bg5 e6 7.Qd2 a6 8.O-O-O Bd7
9.f4 Be7 10.Bxf6 Bxf6 11.Nxc6 Bxc6 12.Qxd6 Qxd6 13.Rxd6 Bxc3 14.bxc3 Bxe4
15.Rd4 Bc6 16.h4 Ke7 17.Rh3 Rhd8 18.Re3 Rd5 19.g3 h6 20.Rxd5 Bxd5 21.c4 Bc6
22.Bh3 Kf6 23.Re5 Rd8 24.Bf1 Rg8 25.Kd2 g5 26.hxg5+ hxg5 27.Rxg5 Rxg5 28.fxg5+ Kxg5
29.Ke3 e5 30.c5 f5 31.c3 Bd5 32.a3 Kg4 33.Kf2 e4 34.Be2+ Kh3 35.Bf1+ Kh2
36.Be2 e3+ 37.Kxe3 Kxg3  0-1

[Event "TCh-ROU 2013"]
[Site "Mamaia ROU"]
[Date "2013.09.01"]
[Round "2.5"]
[White "Grozav,V"]
[Black "Raceanu,V"]
[Result "0-1"]
[WhiteElo "2165"]
[BlackElo "2424"]

1.e4 c5 2.Nf3 Nc6 3.d4 cxd4 4.Nxd4 Nf6 5.Nc3 d6 6.Bg5 e6 7.Qd2 a6 8.f4 h6
9.Bxf6 Qxf6 10.Nxc6 bxc6 11.O-O-O Qd8 12.Be2 Qa5 13.a3 Be7 14.Nb1 Qc7 15.Bf3 Rb8
16.h4 Qb6 17.c3 Bd7 18.g4 c5 19.Rh2 Ba4 20.Rdh1 Bb3 21.g5 Bc4 22.Qg2 Bd3
23.Bd1 Qb7 24.Re1 hxg5 25.hxg5 Rxh2 26.Qxh2 Bxe4 27.b3 d5 28.Nd2 Bf5 29.Nf3 Bd6
30.Qh8+ Ke7 31.Qxg7 Bxf4+ 32.Kb2 Kd6 33.Nh4 Be4 34.Rf1 Be5 35.Qxf7 Qxf7 36.Rxf7 d4
37.cxd4 Bxd4+ 38.Ka2 Rg8 39.Nf3 Bxf3 40.Bxf3 Rxg5 41.Ra7 Rg1 42.Rxa6+ Ke5  0-1

[Event "13th Zug Young Masters"]
[Site "Zug SUI"]
[Date "2013.09.01"]
[Round "6.4"]
[White "Studer,N"]
[Black "Georgiadis,N"]
[Result "1-0"]
[WhiteElo "2351"]
[BlackElo "2396"]

1.e4 c5 2.Nf3 d6 3.d4 cxd4 4.Nxd4 Nf6 5.Nc3 Nc6 6.Bg5 e6 7.Qd2 a6 8.O-O-O Bd7
9.f4 b5 10.Bxf6 gxf6 11.Kb1 b4 12.Nce2 Qb6 13.f5 e5 14.Nxc6 Bxc6 15.Ng3 h5
16.h4 Qc5 17.Bd3 Bh6 18.Qe2 Ke7 19.Rhe1 Rhg8 20.Nxh5 a5 21.Bc4 Bb7 22.Nxf6 Kxf6
23.Qh5 Kg7 24.f6+ Kh7 25.Qxf7+  1-0

[Event "21st Honor to National Resistance"]
[Site "Nikaia GRE"]
[Date "2013.09.02"]
[Round "9.2"]
[White "Kourkoulos Arditis,Stamatis"]
[Black "Moutousis,K"]
[Result "0-1"]
[WhiteElo "2277"]
[BlackElo "2406"]

1.e4 c5 2.Nf3 d6 3.d4 cxd4 4.Nxd4 Nf6 5.Nc3 Nc6 6.Bg5 e6 7.Qd2 a6 8.O-O-O Bd7
9.f4 h6 10.Bh4 g5 11.fxg5 Ng4 12.Nf3 hxg5 13.Bxg5 f6 14.e5 fxg5 15.exd6 Qa5
16.Bc4 O-O-O 17.Rhe1 Nf6 18.Kb1 g4 19.Qf4 Qf5 20.Qe3 gxf3 21.Qb6 Qa5  0-1

[Event "TCh-ROU 2013"]
[Site "Mamaia ROU"]
[Date "2013.09.03"]
[Round "4.2"]
[White "Baklan,V"]
[Black "Petrisor,A"]
[Result "1-0"]
[WhiteElo "2621"]
[BlackElo "2401"]

1.e4 c5 2.Nf3 d6 3.d4 cxd4 4.Nxd4 Nf6 5.Nc3 Nc6 6.Bg5 Bd7 7.Qd2 Rc8 8.Bxf6 gxf6
9.Nf5 Qa5 10.Bd3 h5 11.O-O Ne5 12.Rad1 e6 13.Ne3 Bh6 14.Kh1 Bf4 15.Qe2 Rxc3
16.bxc3 Qxc3 17.Nc4 Nxc4 18.Bxc4 Ke7 19.Bb5 Bc8 20.g3 Bh6 21.h4 a6 22.Bd3 Qc5
23.Rb1 Rd8 24.Kh2 Rd7 25.f4 Rc7 26.Rbe1 Bg7 27.f5 e5 28.Qxh5 Bd7 29.Re2 Bc6
30.Kh3 Qd4 31.Qf3 Bh6 32.Rb1 b5 33.Qf2 Qxf2 34.Rxf2 d5 35.Re2 Kd6 36.Rd1 Kc5
37.c3 Rd7 38.Bc2 a5 39.exd5 Bxd5 40.Bb3 Bc6 41.Rxd7 Bxd7 42.g4 Bf4 43.Bxf7 Bc6
44.g5 fxg5 45.hxg5 Bxg5 46.Rxe5+ Kd6 47.Re6+ Kc5 48.Rg6 Bd2 49.Be6 Be4 50.Rg4 Bf3
51.Rg3  1-0

[Event "12th Kesarovski Mem"]
[Site "Sunny Beach BUL"]
[Date "2013.09.03"]
[Round "4.11"]
[White "Codenotti,M"]
[Black "Tilicheev,V"]
[Result "0-1"]
[WhiteElo "2370"]
[BlackElo "2415"]

1.e4 c5 2.Nf3 d6 3.d4 cxd4 4.Nxd4 Nf6 5.Nc3 Nc6 6.Bg5 e6 7.Qd2 a6 8.O-O-O Bd7
9.f4 h6 10.Bh4 g5 11.fxg5 Ng4 12.Be2 Nge5 13.Nf3 Be7 14.Rhg1 Qc7 15.Kb1 O-O-O
16.Bg3 Nxf3 17.gxf3 hxg5 18.f4 gxf4 19.Bxf4 Ne5 20.Qd4 Ng6 21.Bg3 Qc5 22.Qxc5+ dxc5
23.Rgf1 Rh7 24.Rf2 Be8 25.Rxd8+ Bxd8 26.Bd3 Bh4 27.Bxh4 Rxh4 28.Bf1 Ne5 29.Kc1 Bc6
30.h3 Bxe4 31.Re2 Rf4 32.Nxe4 Rxf1+ 33.Kd2 Nf3+ 34.Ke3 Ng1 35.Rf2 Re1+ 36.Kd3 Nxh3
37.Rf6 c4+ 38.Kd4 Kd8 39.Nc5 Ke7 40.Rf3 Ng5 41.Rg3 f6 42.Kxc4 Re2 43.Kd3 Re5
44.b4 Rd5+ 45.Kc4 b5+ 46.Kb3 a5 47.c4 bxc4+ 48.Kxc4 axb4 49.Nd3 Ne4 50.Rh3 Kd6
51.Nxb4 Rc5+ 52.Kd4 f5 53.Ra3 e5+ 54.Ke3 Rc3+ 55.Rxc3 Nxc3 56.Kd3 Nd5 57.Nc2 Kc5
58.Kd2 Nb4 59.Ne3 f4 60.Ng4 Kd4 61.a4 Nc6 62.Nh6 e4 63.Nf5+ Ke5 64.Nh4 Na5
65.Ke2 Nc4 66.Ng6+ Kf5 67.Ne7+ Kg4 68.Nd5 f3+ 69.Ke1 Kg3  0-1

[Event "78th ch-ESP 2013"]
[Site "Linares ESP"]
[Date "2013.09.04"]
[Round "7.9"]
[White "Villasenor Rubio,E"]
[Black "Almagro Llamas,P"]
[Result "1/2-1/2"]
[WhiteElo "2260"]
[BlackElo "2474"]

1.e4 c5 2.Nf3 Nc6 3.d4 cxd4 4.Nxd4 Nf6 5.Nc3 d6 6.Bg5 Qb6 7.Nb3 e6 8.Be2 a6
9.a4 Na5 10.Be3 Qc7 11.Nxa5 Qxa5 12.O-O Bd7 13.f4 Be7 14.Bf3 Bc6 15.Rb1 Qb4
16.Qd4 Qxd4 17.Bxd4 a5 18.Rfe1 O-O 19.Rbd1 Nd7 20.Nb5 Bxb5 21.axb5 Rfc8 22.c3 a4
23.Ra1 e5 24.Be3 a3 25.Rxa3 Rxa3 26.bxa3 Rxc3 27.a4 Bd8 28.fxe5 Nxe5 29.Rc1 Rxe3
30.Rc8 Kf8 31.Rxd8+ Ke7 32.Rb8 Re1+ 33.Kf2 Nd3+ 34.Kg3 Nc5 35.e5 Rxe5 36.Bxb7 Nxa4
37.Bc6 Re3+ 38.Kf2 Rb3 39.Re8+ Kf6 40.Rd8 Ke6 41.Re8+ Kf5 42.Rd8 Nc5 43.Rxd6 Rxb5
44.Rd4 Rb2+ 45.Kg3 Ne6 46.Rc4 Rb3+ 47.Kf2 Rb2+ 48.Kg3 Ke5 49.Bf3 f5 50.h4 Rd2
51.Ra4 Rd6 52.Ra7 Kf6 53.Kf2 h6 54.Ra4 Nc5 55.Rc4 Nd3+ 56.Ke3 Ne5 57.Rc3 Ng6
58.g3 Ne5 59.Be2 Rb6 60.Ra3 Nf7 61.Ra5 Rb3+ 62.Kf2 Nd6 63.Ra6 Ke5 64.Ra5+ Kd4
65.Ra4+ Kc5 66.Bf3 g5 67.hxg5 hxg5 68.Ra5+ Kb6 69.Rd5 Kc7 70.g4 fxg4 71.Bxg4 Ne4+
72.Kf1 Kc6 73.Rd8 Rg3 74.Be2 Kc5 75.Rd3 Rxd3 76.Bxd3 Kd4  1/2-1/2

[Event "TCh-ROU 2013"]
[Site "Mamaia ROU"]
[Date "2013.09.04"]
[Round "5.6"]
[White "Hajbok,R"]
[Black "Malureanu,C"]
[Result "1/2-1/2"]
[WhiteElo "2345"]
[BlackElo "2135"]

1.e4 c5 2.Nf3 Nc6 3.d4 cxd4 4.Nxd4 Nf6 5.Nc3 d6 6.Bg5 e6 7.Qd2 a6 8.O-O-O Bd7
9.f3 Be7 10.Be3 b5 11.Nxc6 Bxc6 12.Ne2 Bb7 13.g4 Nd7 14.Nd4 Qc7 15.Bg5 Ne5
16.Bxe7 Qxe7 17.Be2 d5 18.exd5 Bxd5 19.Qe3 Nc6 20.Nxc6 Bxc6 21.Qc3 Qg5+ 22.Rd2 Rc8
23.h4 Qf6 24.Qa3 a5 25.g5 Qf4 26.Rd1 b4 27.Qxa5 O-O 28.Kb1 Bd5 29.Qb6 Qxh4
30.Qe3 f6 31.gxf6 Qxf6 32.Rd4 Ra8 33.Bc4 Qxf3 34.Qxf3 Bxf3 35.Bxe6+  1/2-1/2

[Event "12th Izmir Open"]
[Site "Izmir TUR"]
[Date "2013.09.06"]
[Round "7.14"]
[White "Secer,A"]
[Black "Ataman,A"]
[Result "1-0"]
[WhiteElo "2301"]
[BlackElo "2131"]

1.e4 c5 2.Nf3 Nc6 3.d4 cxd4 4.Nxd4 Nf6 5.Nc3 d6 6.Bg5 e6 7.Qd2 a6 8.O-O-O Bd7
9.f4 b5 10.Bxf6 gxf6 11.Kb1 Qb6 12.Nxc6 Bxc6 13.f5 Qc5 14.Bd3 h5 15.Qe1 e5
16.Be2 Rc8 17.Qg1 Bb7 18.a3 Ke7 19.Rd3 Bh6 20.Qxc5 dxc5 21.Rhd1 Rc7 22.Rh3 Rd8
23.Rxd8 Kxd8 24.Rd3+ Ke7 25.Bxh5 c4 26.Rd1 Be3 27.Bf3 Kf8 28.h4 Bf2 29.h5 Kg7
30.Rd8 Rc8 31.Rxc8 Bxc8 32.Nd5 Bb7 33.b3 Bxd5 34.exd5 cxb3 35.d6 Bb6 36.cxb3 Kf8
37.b4 a5 38.Kc2 axb4 39.axb4 Kg7 40.Kd3 Kh6 41.Ke4 Kg5 42.g4  1-0

[Event "TCh-ROU 2013"]
[Site "Mamaia ROU"]
[Date "2013.09.07"]
[Round "8.6"]
[White "Nastase,R"]
[Black "Malureanu,C"]
[Result "1-0"]
[WhiteElo "2099"]
[BlackElo "2135"]

1.e4 c5 2.Nf3 Nc6 3.d4 cxd4 4.Nxd4 Nf6 5.Nc3 d6 6.Bg5 e6 7.Qd2 a6 8.O-O-O Bd7
9.f4 b5 10.Nxc6 Bxc6 11.Qe3 Qe7 12.e5 dxe5 13.fxe5 Ng4 14.Qf4 f6 15.Qxg4 fxg5
16.Rd6 Bd7 17.Bd3 g6 18.Ne4 Bg7 19.Nc5 Ra7 20.Nxd7  1-0

[Event "10th LGA Premium Cup GpB"]
[Site "Nuernberg GER"]
[Date "2013.09.07"]
[Round "5.1"]
[White "Mons,L"]
[Black "Gutman,L"]
[Result "1/2-1/2"]
[WhiteElo "2439"]
[BlackElo "2432"]

1.e4 c5 2.Nf3 Nc6 3.d4 cxd4 4.Nxd4 Nf6 5.Nc3 d6 6.Bg5 Qb6 7.Be3 Qa5 8.Qd2 a6
9.O-O-O Nxd4 10.Bxd4 e5 11.Be3 Be6 12.a3 Rc8 13.f3 Be7 14.g4 h6 15.g5 Nh5
16.gxh6 gxh6 17.Kb1 Nf6 18.Bd3 Nd7 19.Rhg1 Bd8 20.f4 exf4 21.Bd4 Ne5 22.Qxf4 Bb6
23.Bxb6 Qxb6 24.Nd5 Bxd5 25.exd5 Kd8 26.Rg3 Kc7 27.Rh3 h5 28.Qf5 Kb8 29.Rxh5 Nxd3
30.Rxd3 Qg1+ 31.Ka2 Rxh5 32.Qxh5 Rxc2 33.Qxf7 Qxh2 34.Rb3  1/2-1/2

[Event "TCh-SUI 2013"]
[Site "Switzerland SUI"]
[Date "2013.09.07"]
[Round "6.3"]
[White "Hommeles,T"]
[Black "Schiendorfer,E"]
[Result "1/2-1/2"]
[WhiteElo "2420"]
[BlackElo "2392"]

1.e4 c5 2.Nf3 d6 3.d4 cxd4 4.Nxd4 Nf6 5.Nc3 Nc6 6.Bg5 g6 7.Bxf6 exf6 8.Bb5 Bd7
9.O-O Bg7 10.Nde2 Be6 11.Qd2 O-O 12.Rfd1 f5 13.Bd3 fxe4 14.Bxe4 Re8 15.Qxd6 Qxd6
16.Rxd6 Rad8 17.Rxd8 Rxd8 18.Rd1 Re8 19.a3  1/2-1/2

[Event "TCh-SUI 2013"]
[Site "Switzerland SUI"]
[Date "2013.09.07"]
[Round "6.3"]
[White "Kurmann,O"]
[Black "Aranovitch,E"]
[Result "1/2-1/2"]
[WhiteElo "2421"]
[BlackElo "2341"]

1.e4 c5 2.Nf3 d6 3.d4 cxd4 4.Nxd4 Nf6 5.Nc3 Nc6 6.Bg5 e6 7.Qd2 Be7 8.O-O-O Nxd4
9.Qxd4 O-O 10.f4 Qa5 11.Bc4 Rd8 12.e5 dxe5 13.Qxe5 Qb4 14.Rxd8+ Bxd8 15.Qb5 Qxb5
16.Bxb5 a6 17.Be2 Bc7 18.g3 b5 19.Bf3 Rb8 20.Rd1 Bb7 21.Bxb7 Rxb7 22.Bxf6 gxf6
23.Ne4 f5 24.Nf6+ Kg7 25.Ne8+ Kg6 26.Nxc7 Rxc7 27.Rd6 a5 28.a3 a4 29.Kd2 Rc8
30.Rd7 Rc5 31.b4 axb3 32.cxb3 Rc6 33.Ra7 f6 34.Re7 Ra6 35.Kc3 Rxa3 36.Rxe6 Ra2
37.Kb4 Rxh2 38.Kxb5 Rh3 39.Re8 Kf7 40.Re3 h5 41.Rd3 h4 42.Rd7+ Kg6 43.gxh4 Rxb3+
44.Kc4 Rf3 45.Kd4 Rxf4+ 46.Ke3 Rxh4 47.Kf3 Ra4 48.Rb7 Rc4 49.Ra7 Rc3+ 50.Kf4 Rc1
51.Kf3 Rh1 52.Ra8 Rh3+ 53.Kf4 Rh4+ 54.Kf3 Rh7 55.Kf4 Rh4+ 56.Kf3 Rb4 57.Rg8+ Kf7
58.Ra8 Rd4 59.Ke3 Rb4 60.Ra7+ Kg6 61.Kf3 Rd4 62.Ke3 Rc4 63.Kf3 f4 64.Ra5  1/2-1/2

[Event "10th LGA Premium Cup GpC"]
[Site "Nuernberg GER"]
[Date "2013.09.08"]
[Round "7.1"]
[White "Seibold,H"]
[Black "Osmanodja,F"]
[Result "1/2-1/2"]
[WhiteElo "2166"]
[BlackElo "2275"]

1.e4 c5 2.Nf3 d6 3.d4 cxd4 4.Nxd4 Nf6 5.Nc3 Nc6 6.Bg5 e6 7.Qd2 Qb6 8.O-O-O Qxd4
9.Qxd4 Nxd4 10.Rxd4 a6 11.Bxf6 gxf6 12.Na4 Bd7 13.Nb6 Rd8 14.Nxd7 Rxd7 15.Kb1 Bg7
16.Rd3 Ke7 17.Be2 Rc7 18.Rhd1 Rc6 19.Rb3 Rb8 20.c4 b6 21.Rh3 Rh8 22.Rb3 Rb8
23.Rh3 h6 24.Rg3 Bf8 25.f4 a5 26.b3 Rc5 27.a3 Ra8 28.Rgd3 Ke8 29.Rg3 f5 30.Bd3 fxe4
31.Bxe4 Rac8 32.Bd3 Be7 33.Rg8+ Kd7 34.Rxc8 Rxc8 35.Rd2 Rg8 36.Be4 h5 37.Bf3 h4
38.b4 Rc8 39.Rc2 f5 40.Ka2 Bf6 41.Bd1 Bd4 42.g3 hxg3 43.hxg3 axb4 44.axb4 Rg8
45.Rg2 Be3 46.Bf3 e5 47.Bd5 Rg4 48.Bf3 Rg6 49.g4 e4 50.Be2 Bxf4 51.Rf2 Bg3
52.gxf5 Rh6 53.Rg2 Be1 54.Kb3 Rh3+ 55.Ka4 Ke7  1/2-1/2

[Event "TCh-SUI 2013"]
[Site "Switzerland SUI"]
[Date "2013.09.08"]
[Round "7.6"]
[White "Georgiadis,I"]
[Black "Nuri,Kam"]
[Result "1-0"]
[WhiteElo "2449"]
[BlackElo "2288"]

1.e4 c5 2.Nf3 d6 3.d4 cxd4 4.Nxd4 Nf6 5.Nc3 Nc6 6.Bg5 e6 7.Qd2 a6 8.O-O-O Bd7
9.f4 b5 10.Bxf6 gxf6 11.Kb1 b4 12.Nce2 Qb6 13.f5 e5 14.Nxc6 Bxc6 15.Ng3 h5
16.Bc4 h4 17.Nf1 Bxe4 18.Qe2 Bc6 19.Ne3 Ra7 20.Rhe1 a5 21.Ng4 Ke7 22.Bd5 Bh6
23.Qe4 Rc7 24.Nxf6 Kxf6 25.Qxh4+ Kg7 26.Re4 Rd7 27.Rg4+ Kf8 28.Qf6 Rh7 29.Bxf7 Bg7
30.Rxg7 Rxg7 31.Be6+ Ke8 32.Qh4 Rdf7 33.f6 Rh7 34.Bxf7+ Rxf7 35.Qh8+ Kd7
36.Qh3+ Kc7 37.Qe6 Rd7 38.g4 Qf2 39.g5 Qf3 40.Rg1 Bd5 41.Qg4 Qf2 42.Rd1 Kc6
43.Qg1 Qf5 44.h4 Be4 45.Rd2 a4 46.Rf2 Qg6 47.Qf1 Kb6 48.Qc4 d5 49.Qxb4+ Kc7
50.Qa5+ Kb7 51.Qxa4 Rc7 52.Qb5+ Ka7 53.Qa5+ Kb7 54.Qxc7+ Kxc7 55.f7 Qh5 56.Kc1 Qxh4
57.f8=Q Qxg5+ 58.Kb1  1-0

[Event "Alushta Autumn 4 2013"]
[Site "Alushta UKR"]
[Date "2013.09.13"]
[Round "4"]
[White "Mikhaletz,L"]
[Black "Pavlov,Ma"]
[Result "0-1"]
[WhiteElo "2428"]
[BlackElo "2408"]

1.e4 c5 2.Nf3 d6 3.d4 cxd4 4.Nxd4 Nf6 5.Nc3 Nc6 6.Bg5 Bd7 7.Nb3 h6 8.Bh4 g5
9.Bg3 Bg7 10.h4 g4 11.h5 Qb6 12.Bf4 a6 13.Bd3 Rc8 14.Be3 Qc7 15.Na4 Be6 16.Nb6 Rb8
17.Nd4 Nxd4 18.Bxd4 Kf8 19.c3 Nxh5 20.Nd5 Bxd5 21.Bxg7+ Nxg7 22.exd5 Qc5
23.Qxg4 Qxd5 24.O-O-O Qxa2 25.Rde1 Qd5 26.Re3 h5 27.Qh4 Ne6 28.f4 Re8 29.f5 Ng7
30.Rhe1 Nxf5 31.Bxf5 Qxf5 32.Rxe7 Rxe7 33.Qxe7+ Kg7 34.Qxb7 a5 35.Qb6 Rh6
36.Qd4+ Rf6 37.Re2 Kg6 38.Rd2 Re6 39.Rf2 Qe5 40.Qd3+ f5 41.Kc2 h4 42.b4 axb4
43.cxb4 d5 44.b5 d4 45.Rd2 Qc5+ 46.Kb2 Rb6  0-1

[Event "TCh-CRO Ia Liga 2013"]
[Site "Bol CRO"]
[Date "2013.09.19"]
[Round "6.2"]
[White "Mrdja,M"]
[Black "Sinanovic,M"]
[Result "0-1"]
[WhiteElo "2370"]
[BlackElo "2395"]

1.e4 c5 2.Nf3 Nc6 3.d4 cxd4 4.Nxd4 Nf6 5.Nc3 d6 6.Bg5 e6 7.Qd2 Be7 8.O-O-O a6
9.f4 Bd7 10.Nxc6 Bxc6 11.Qe1 Qa5 12.Bd3 h6 13.Bh4 g5 14.fxg5 hxg5 15.Bf2 Nd7
16.Kb1 Ne5 17.Qg1 Nd7 18.Bd4 Bf6 19.Rf1 Bxd4 20.Qxd4 Qe5 21.Qf2 O-O-O 22.h3 Rdf8
23.Qd2 Rh4 24.Rhg1 Nc5 25.Re1 Rg8 26.Rgf1 Rg7 27.a3 Kb8 28.Re2 Qd4 29.Rd1 Rf4
30.e5 Nxd3 31.exd6 Qxd6 32.cxd3 Rd4 33.Re3 f5 34.Ne2 Rh4 35.Nc3 g4 36.Qe1 Rh6
37.hxg4 Rxg4 38.g3 Rhg6 39.Ne2 e5 40.d4 exd4 41.Nf4 Rh6 42.Qa5 Be4+ 43.Ka1 Rg7
44.Ne2 d3 45.Nf4 Qd4 46.Rexd3 Bxd3 47.Rxd3 Rh1+ 48.Ka2 Qc4+ 49.Rb3 Rd7 50.Qxf5 Rdd1
51.Qe5+ Ka7 52.Qe3+ Qd4 53.Qxd4+ Rxd4 54.Re3 Rd2 55.Kb3 Rhh2 56.Nd3 Rdg2
57.Ka2 Rh3 58.Nc5 Rhxg3  0-1

[Event "TCh-CRO Ia Liga 2013"]
[Site "Bol CRO"]
[Date "2013.09.19"]
[Round "6.5"]
[White "Nevednichy,V"]
[Black "Kozul,Z"]
[Result "0-1"]
[WhiteElo "2574"]
[BlackElo "2601"]

1.e4 c5 2.Nf3 d6 3.d4 cxd4 4.Nxd4 Nf6 5.Nc3 Nc6 6.Bg5 e6 7.Qd2 a6 8.O-O-O Bd7
9.f4 b5 10.Bxf6 gxf6 11.Kb1 b4 12.Nce2 Qb6 13.g3 Rc8 14.Bg2 Be7 15.Rhf1 O-O
16.g4 Nxd4 17.Nxd4 Rc7 18.Rf3 Rfc8 19.Rh3 Bf8 20.e5 Bg7 21.exd6 Qxd6 22.Be4 h6
23.Rd3 Qb6 24.Qe3 Be8 25.h4 Qc5 26.Rc1 a5 27.Qg3 a4 28.f5 Qe5 29.Qxe5 fxe5
30.Nf3 Bc6 31.Re3 Bxe4 32.Rxe4 Rc4 33.Nd2 Rd4 34.Rxd4 exd4 35.Ne4 exf5 36.Nd6 Rc6
37.Nxf5 Re6 38.Rg1 Re2 39.Kc1 d3 40.cxd3 Bxb2+ 41.Kd1 Rf2 42.Re1 Bc3 43.Re8+ Kh7
44.Rf8 Rd2+ 45.Kc1 b3 46.axb3 axb3 47.Ne3 Re2 48.Nd1 b2+ 49.Nxb2 Bxb2+ 50.Kd1 Rf2  0-1

[Event "1st League Cent-SRB 2013"]
[Site "Kragujevac SRB"]
[Date "2013.09.19"]
[Round "8.1"]
[White "Mista,A"]
[Black "Cabrilo,G"]
[Result "1-0"]
[WhiteElo "2582"]
[BlackElo "2388"]

1.e4 c5 2.Nf3 d6 3.d4 cxd4 4.Nxd4 Nf6 5.Nc3 Nc6 6.Bg5 Qb6 7.Nb3 e6 8.Bxf6 gxf6
9.Qh5 a6 10.Bd3 Bd7 11.O-O Rg8 12.Kh1 Rg7 13.f4 Be7 14.Qh6 Rg6 15.Qxh7 O-O-O
16.Qxf7 Rdg8 17.f5 R6g7 18.Qh5 exf5 19.Bc4 Rg5 20.Nd5 Qd8 21.Qf3 fxe4 22.Qxe4 Rxg2
23.Nf4 f5 24.Qe3 R8g4 25.Nxg2 Rxc4 26.c3 Re4 27.Qf2 Ne5 28.Nd4 Kb8 29.Nxf5 Ng4
30.Qg3 Bc6 31.Rae1 Nf6 32.Rxe4 Nxe4 33.Qg6 Bf6 34.h4 Be5 35.Qg4 Qa5 36.Kg1 Qb6+
37.Nfe3 Nxc3 38.Qg8+ Ka7 39.bxc3 Bxg2 40.Qxg2  1-0

[Event "TCh-CRO 2a Liga 2013"]
[Site "Bol CRO"]
[Date "2013.09.20"]
[Round "7.5"]
[White "Rubil,M"]
[Black "Susak,Z"]
[Result "0-1"]
[WhiteElo "2221"]
[BlackElo "2187"]

1.e4 c5 2.Nf3 Nc6 3.d4 cxd4 4.Nxd4 Nf6 5.Nc3 d6 6.Bg5 e6 7.Qd2 a6 8.O-O-O Qb6
9.Nb3 Be7 10.f3 O-O 11.g4 Rd8 12.Be3 Qc7 13.g5 Nd7 14.f4 b5 15.h4 b4 16.Na4 Nc5
17.Naxc5 dxc5 18.Qf2 Rxd1+ 19.Kxd1 c4 20.Bxc4 a5 21.Kc1 a4 22.Nc5 Na5 23.Bd3 Nb7
24.Nxb7 Bxb7 25.Kb1 a3 26.b3 Rd8 27.Bd4 Bd6 28.Rf1 Bxf4 29.Qxf4 Qxf4 30.Rxf4 Rxd4
31.Kc1 g6 32.Kd2 e5 33.Rg4 Kg7 34.Ke3 h6 35.Rg1 Rd7 36.Rf1 hxg5 37.hxg5 Rd6
38.c3 bxc3 39.Rc1 Rc6 40.Bc4 f6 41.Bd5 Rc7 42.gxf6+ Kxf6 43.Bxb7 Rxb7 44.Rxc3 Rh7
45.Rc2 Rh3+ 46.Kd2 g5 47.Rc6+ Kf7 48.Ra6 Rh2+ 49.Ke3 Rxa2 50.Kf3 Ra1 51.b4 a2
52.Kg2 Ke7 53.b5 Kd7 54.Kh2 g4 55.Kg2 g3 56.Ra7+ Kc8 57.Ra3 Kb7 58.Ra6 Kb8
59.Ra3 Kc7 60.Ra6 Kb7 61.Ra3 Kb6 62.Ra8 Kxb5 63.Rb8+ Kc4 64.Ra8 Kd3 65.Ra4 Ke3
66.Ra3+ Kxe4 67.Ra4+ Kf5 68.Ra5 Kf4 69.Ra3 e4 70.Ra4 Ke3 71.Ra3+ Kd4 72.Ra4+ Kc3
73.Ra8 Rb1 74.Rxa2 Rb2+ 75.Rxb2 Kxb2 76.Kxg3 Kc3  0-1

[Event "TCh-CRO w Liga 2013"]
[Site "Bol CRO"]
[Date "2013.09.20"]
[Round "7.2"]
[White "Ionica,I"]
[Black "Solic,K"]
[Result "1/2-1/2"]
[WhiteElo "2195"]
[BlackElo "2238"]

1.e4 c5 2.Nf3 d6 3.d4 cxd4 4.Nxd4 Nf6 5.Nc3 Nc6 6.Bg5 a6 7.Qd2 Nxd4 8.Qxd4 Qa5
9.Bd2 e5 10.Qd3 Qb6 11.Be2 Be7 12.O-O O-O 13.a4 Be6 14.Bg5 Rac8 15.Bxf6 Bxf6
16.Rab1 Qc6 17.Rfd1 Rfd8 18.h3 Rd7 19.Bg4 Bd8 20.Rbc1 Bg5 21.Rb1 Bd8 22.Rbc1 Qc4
23.Qxc4 Rxc4 24.Be2 Rc5 25.Nd5 Bg5 26.Ne3 g6 27.c4 Bxe3 28.fxe3 a5 29.b3 Kg7
30.Rd2 Rc6 31.Rcd1 h5 32.Kf2  1/2-1/2

[Event "TCh-NED Meesterklasse 2013-14"]
[Site "Netherland NED"]
[Date "2013.09.21"]
[Round "1.8"]
[White "Diepeveen,V"]
[Black "Van de Oudeweetering,R"]
[Result "1/2-1/2"]
[WhiteElo "2276"]
[BlackElo "2105"]

1.e4 c5 2.Nf3 Nc6 3.d4 cxd4 4.Nxd4 Nf6 5.Nc3 d6 6.Bg5 e6 7.Qd2 Be7 8.O-O-O Nxd4
9.Qxd4 O-O 10.f4 Qa5 11.Bc4 Rd8 12.e5 dxe5 13.Qxe5 Qb4 14.Bxf6 Bxf6 15.Rxd8+ Bxd8
16.Rd1 Bd7 17.Rxd7 Qxc4 18.Qe4 Qf1+ 19.Rd1 Qa6 20.f5 Bg5+ 21.Kb1 Rd8 22.fxe6 Rxd1+
23.Nxd1 fxe6 24.a4  1/2-1/2

[Event "TCh-FIN SM 2013-14"]
[Site "Porvoo FIN"]
[Date "2013.09.21"]
[Round "1.5"]
[White "Sandvik,T"]
[Black "Paakkonen,T"]
[Result "0-1"]
[WhiteElo "2092"]
[BlackElo "2285"]

1.e4 c5 2.Nf3 d6 3.d4 cxd4 4.Nxd4 Nf6 5.Nc3 Nc6 6.Bg5 e6 7.Qd2 a6 8.O-O-O Bd7
9.Kb1 b5 10.Nxc6 Bxc6 11.f3 h6 12.Bh4 b4 13.Bxf6 gxf6 14.Ne2 d5 15.exd5 Qxd5
16.Qxd5 Bxd5 17.Nf4 Bc6 18.Bc4 a5 19.Rhe1 Rd8 20.Nd5 Bxd5 21.Rxd5 Rxd5 22.Bxd5 Bd6
23.g3 h5 24.Re2 f5 25.f4 Kd7 26.Bf3 h4 27.Bg2 hxg3 28.hxg3 Rg8 29.Re3 Bxf4
30.gxf4 Rxg2 31.Kc1 Rf2 32.Re5 Rxf4 33.Rxa5 Re4 34.Kd2 f4 35.Rh5 Kd6 36.Rh3 Ke5
37.Rf3 Kf5 38.Kd3 e5 39.c3 bxc3 40.bxc3 Ra4  0-1

[Event "TCh-CRO Ia Liga 2013"]
[Site "Bol CRO"]
[Date "2013.09.22"]
[Round "9.2"]
[White "Naiditsch,A"]
[Black "Kozul,Z"]
[Result "1-0"]
[WhiteElo "2710"]
[BlackElo "2601"]

1.e4 c5 2.Nf3 d6 3.d4 cxd4 4.Nxd4 Nf6 5.Nc3 Nc6 6.Bg5 e6 7.Qd2 a6 8.O-O-O Bd7
9.f4 b5 10.Bxf6 gxf6 11.Kb1 b4 12.Nce2 Qb6 13.Nxc6 Bxc6 14.f5 Bxe4 15.fxe6 fxe6
16.Qf4 d5 17.Qxf6 Rg8 18.Nf4 Be7 19.Qh6 Bg5 20.Qh5+ Ke7 21.Bd3 Raf8 22.Bxe4 Rxf4
23.Bxd5 exd5 24.Rhe1+ Re4 25.Qxh7+ Kf8 26.Rf1+ Bf6 27.Rxd5 Rd4 28.Qh6+ Kf7
29.Rxf6+ Qxf6 30.Qxf6+ Kxf6 31.Rxd4 Rxg2 32.b3 a5 33.Rd5 a4 34.bxa4 Rxh2
35.Kb2 Ke6 36.Rd3 Rh1 37.Rd8 Rh3 38.Rd4 Rh1 39.Rxb4 Kd5 40.a5 Kc6 41.Kb3 Rh8
42.a6 Ra8 43.Ra4  1-0

[Event "Baku Open 2013"]
[Site "Baku AZE"]
[Date "2013.09.26"]
[Round "8.13"]
[White "Sutovsky,E"]
[Black "Abasov,N"]
[Result "1-0"]
[WhiteElo "2660"]
[BlackElo "2492"]

1.e4 c5 2.Nf3 d6 3.d4 cxd4 4.Nxd4 Nf6 5.Nc3 Nc6 6.Bg5 e6 7.Qd2 Be7 8.O-O-O Nxd4
9.Qxd4 O-O 10.f4 Bd7 11.e5 dxe5 12.fxe5 Nd5 13.Bxe7 Qxe7 14.Nxd5 exd5 15.Bd3 Rac8
16.Rhf1 Qc5 17.Qh4 g6 18.Kb1 d4 19.Qf4 Be6 20.h4 h5 21.Qg5 Rc6 22.Rf6 Bc4
23.Be4 Bd5 24.Bxg6 fxg6 25.Qxg6+ Kh8 26.Qh6+ Kg8 27.Qg5+ Kh8 28.Qxh5+ Kg7
29.Qg4+ Kh8 30.Qh5+ Kg7 31.Qg5+ Kh8 32.Qh6+ Kg8 33.Qg5+ Kh8 34.Qh6+ Kg8 35.Qg6+ Kh8
36.Rxd4 Bxa2+ 37.Ka1  1-0